[Event "IBM"]
[Site "Amsterdam"]
[Date "1977.??.??"]
[Round "10"]
[White "Van Wijgerden, Cornelis"]
[Black "Liberzon, Vladimir M"]
[Result "1/2-1/2"]
[WhiteElo "2430"]
[BlackElo "2550"]

1.e4 c5 2.Nc3 Nc6 3.f4 e6 4.Nf3 Nge7 5.Be2 d5 6.d3 g6 7.O-O Bg7 8.Qe1 O-O
9.Nd1 dxe4 10.dxe4 Nd4 11.Nxd4 Qxd4+ 12.Nf2 e5 13.c3 Qd6 14.Ng4 exf4 15.Bxf4 Qe6
16.Bf3  1/2-1/2

[Event "IBM"]
[Site "Amsterdam"]
[Date "1977.??.??"]
[Round "10"]
[White "Ree, Hans"]
[Black "Bohm, Hans"]
[Result "1-0"]
[WhiteElo "2460"]
[BlackElo "2445"]

1.d4 e6 2.c4 b6 3.e4 Bb7 4.f3 Bb4+ 5.Bd2 Qh4+ 6.g3 Qe7 7.Nh3 f5 8.exf5 exf5+
9.Kf2 Bxd2 10.Qxd2 Nc6 11.Nc3 O-O-O 12.Bg2 Nf6 13.Rhe1 Qb4 14.d5 Qc5+ 15.Qe3 Ne5
16.Qxc5 Nd3+ 17.Ke3 Nxc5 18.b4 Rhe8+ 19.Kd2 Na6 20.a3 c6 21.Ng5 Rxe1 22.Rxe1 cxd5
23.Nf7 dxc4 24.Nxd8 Kxd8 25.Nb5 Bd5 26.Nd6 Nc7 27.Nxf5 g6 28.Nd6 b5 29.Kc3 a6
30.Kd4 Ne6+ 31.Ke5 Ke7 32.h4 Bc6 33.Bh3 Bxf3 34.Nc8+ Kf7 35.Rf1  1-0

[Event "IBM"]
[Site "Amsterdam"]
[Date "1977.??.??"]
[Round "11"]
[White "Quinteros, Miguel A"]
[Black "Kavalek, Lubomir"]
[Result "0-1"]
[WhiteElo "2555"]
[BlackElo "2545"]

1.e4 e5 2.Nf3 Nc6 3.Bb5 Nf6 4.Qe2 d6 5.d4 exd4 6.e5 dxe5 7.Nxe5 Bb4+ 8.c3 O-O
9.Bxc6 bxc6 10.cxb4 Re8 11.O-O Bg4 12.f3 Bh5 13.Qe1 Nd7 14.f4 f6 15.Qh4 fxe5
16.Qxh5 e4 17.Rd1 Nf6 18.Qc5 e3 19.Nc3 Ng4 20.h3 Nf2 21.Rxd4 Qh4 22.Qc4+ Kh8
23.Qf1 Qg3 24.Ne2 Nxh3+ 25.Kh1 Nf2+ 26.Kg1 Qh4 27.Ng3 Qxg3 28.Qe2 Ng4 29.Kf1 Qh4  0-1

[Event "IBM"]
[Site "Amsterdam"]
[Date "1977.??.??"]
[Round "11"]
[White "Tatai, Stefano"]
[Black "Hulak, Krunoslav"]
[Result "0-1"]
[WhiteElo "2480"]
[BlackElo "2525"]

1.d4 Nf6 2.c4 e6 3.Nf3 c5 4.d5 exd5 5.cxd5 d6 6.Nc3 g6 7.e4 Bg7 8.Bg5 h6
9.Bh4 a6 10.Nd2 b5 11.Be2 O-O 12.Qc2 Nbd7 13.a4 b4 14.Nd1 Re8 15.f3 g5 16.Bf2 Ne5
17.Ne3 Ng6 18.g3 Rb8 19.O-O b3 20.Nxb3 g4 21.Nc4 gxf3 22.Bxf3 Ng4 23.Be1 N6e5
24.Nba5 Qg5 25.Ra3 f5 26.Bxg4 Nxg4 27.Nc6 fxe4 28.Bc3 Qxd5 29.Nxd6 Qxd6 30.Nxb8 Ne3
31.Qe2 Nxf1 32.Bxg7 Kxg7 33.Rb3 Nd2 34.Qh5  0-1

[Event "IBM"]
[Site "Amsterdam"]
[Date "1977.??.??"]
[Round "11"]
[White "Torre, Eugenio"]
[Black "Reshevsky, Samuel Herman"]
[Result "1-0"]
[WhiteElo "2550"]
[BlackElo "2490"]

1.e4 e5 2.Nf3 Nc6 3.Bb5 Nf6 4.Qe2 a6 5.Ba4 d6 6.c3 Bd7 7.d4 Qe7 8.d5 Nb8
9.Bc2 g6 10.c4 a5 11.Nc3 Na6 12.h3 Bg7 13.Be3 Nh5 14.O-O-O Nf4 15.Qf1 O-O
16.g3 Nh5 17.Qe2 Nc5 18.Nh4 b6 19.Ng2 Nf6 20.g4 Ne8 21.h4 f5 22.exf5 gxf5
23.g5 a4 24.a3 Nb3+ 25.Kb1 Qd8 26.f4 c5 27.h5 e4 28.Bxb3 Bxc3 29.Ba2 Bh8
30.Nh4 b5 31.Ng6 hxg6 32.hxg6 Bg7 33.Rh7 Nf6 34.Qh2 Re8 35.Rxg7+ Kxg7 36.Qh6+ Kg8
37.Rh1  1-0

[Event "IBM"]
[Site "Amsterdam"]
[Date "1977.??.??"]
[Round "11"]
[White "Liberzon, Vladimir M"]
[Black "Donner, Jan Hein"]
[Result "1-0"]
[WhiteElo "2550"]
[BlackElo "2470"]

1.e4 d6 2.d4 Nf6 3.Nc3 g6 4.Nf3 Bg7 5.Be2 O-O 6.O-O Bg4 7.Be3 Nc6 8.Qd2 e5
9.d5 Ne7 10.Rad1 Nc8 11.Ne1 Bd7 12.f4 Ng4 13.f5 Nxe3 14.Qxe3 c6 15.Kh1 Qh4
16.Qf3 Bf6 17.dxc6 bxc6 18.Ba6 gxf5 19.Bxc8 Bxc8 20.Rxd6 Be7 21.Rxc6 Bb7
22.Rc7 fxe4 23.Qf5 Rab8 24.Qxe5 Ba6 25.Nd5 Bg5 26.Rcxf7 Rxf7 27.Qxb8+ Kg7
28.Qe5+ Bf6 29.Rxf6 Rxf6 30.g3 Qh6 31.Nxf6 Qxf6 32.Qxf6+ Kxf6 33.Kg2 Ke5
34.Kf2 Kd4 35.c3+  1-0

[Event "IBM"]
[Site "Amsterdam"]
[Date "1977.??.??"]
[Round "11"]
[White "Bohm, Hans"]
[Black "Van Wijgerden, Cornelis"]
[Result "0-1"]
[WhiteElo "2445"]
[BlackElo "2430"]

1.c4 e5 2.Nc3 Nf6 3.g3 d5 4.cxd5 Nxd5 5.Bg2 Nb6 6.Nf3 Nc6 7.O-O Be7 8.d3 O-O
9.Be3 f5 10.b4 Bf6 11.Bc5 Re8 12.Rc1 Be6 13.b5 Nd4 14.e3 Nxf3+ 15.Bxf3 Nd5
16.Nxd5 Bxd5 17.Bxd5+ Qxd5 18.Qb3 Qxb3 19.axb3 Red8 20.Rfd1 a6 21.b6 Rac8
22.Rc4 Rd5 23.Ba3 c6 24.Bc5 Rcd8 25.Rc3 Kf7 26.Kf1 Be7 27.b4 a5 28.Bxe7 Kxe7
29.bxa5 Rxa5 30.Rb1 Rda8 31.Kg2 Ra3 32.Rbc1 Rxc3 33.Rxc3 Ra4 34.Rb3 c5 35.Kf3 Kd6
36.e4 g6 37.Ke3 Ra2 38.h4 Ra1 39.h5 fxe4 40.hxg6 hxg6 41.dxe4 c4 42.Rb5 Re1+
43.Kd2 Rxe4 44.Ra5 Kc6 45.Ra8 Kxb6 46.Rg8 Kc5 47.Rxg6 b5 48.g4 Kb4 49.f3 c3+
50.Kd3 Rd4+ 51.Kc2 Rd2+  0-1

[Event "IBM"]
[Site "Amsterdam"]
[Date "1977.??.??"]
[Round "12"]
[White "Ree, Hans"]
[Black "Torre, Eugenio"]
[Result "0-1"]
[WhiteElo "2460"]
[BlackElo "2550"]

1.c4 e5 2.Nc3 Nf6 3.Nf3 Nc6 4.g3 d5 5.cxd5 Nxd5 6.Bg2 Nb6 7.O-O Be7 8.d3 O-O
9.Bd2 Bg4 10.Rc1 Kh8 11.Ne4 f5 12.Nc5 Bxc5 13.Rxc5 e4 14.dxe4 fxe4 15.Ng5 Nd4
16.Re1 e3 17.fxe3 Nxe2+ 18.Rxe2 Qd3 19.Be4 Qxe2 20.Qxe2 Bxe2 21.Rxc7 Rad8
22.Rf7 h6 23.Bc3 Rd1+ 24.Kf2 Rf1+ 25.Kxe2 R8xf7 26.Nxf7+ Rxf7 27.Bd4 Rd7
28.h4 Re7 29.Bg6 Nc4 30.Bd3 Nb6 31.Bf5 Kg8 32.b3 Nd5 33.e4 b6 34.a4 Nf6 35.Kd3 Nd7
36.Kc4 h5 37.Kd5 Kf7 38.e5 Nf8 39.Bf2 g6 40.Bh3 Ne6 41.Kc6 Ng7 42.Kd5 Nf5
43.Ke4 Rd7 44.Bf1 Rd2 45.Bc4+ Ke7 46.Be1 Rd4+ 47.Kf3 Rg4 48.Bf2 Nd4+ 49.Bxd4 Rxd4
50.Ke3 Rg4 51.Kf3 Kf8 52.Be6 Rb4 53.Bc4 a6 54.Ke3 b5 55.axb5 axb5 56.Be6 Ke7
57.Bd5 Rg4 58.Kf3 g5 59.hxg5 Rxg5 60.Kf4 Rg4+ 61.Kf3 Rd4 62.Bg8 b4  0-1

[Event "IBM"]
[Site "Amsterdam"]
[Date "1977.??.??"]
[Round "12"]
[White "Donner, Jan Hein"]
[Black "Bohm, Hans"]
[Result "1/2-1/2"]
[WhiteElo "2470"]
[BlackElo "2445"]

1.d4 d5 2.c4 c6 3.Nf3 Nf6 4.Nc3 dxc4 5.a4 Bf5 6.e3 e6 7.Bxc4 Bb4 8.O-O Nbd7
9.Qe2 Bg6 10.e4 Bxc3 11.bxc3 Nxe4 12.Ba3 Qc7 13.Qe3 O-O-O 14.Rfe1 Rhe8 15.Bb3 Kb8
16.h3 a5 17.c4 e5 18.Nxe5 Nxe5 19.dxe5 Rxe5 20.f3 Rg5 21.Re2 f6 22.Rd1 Rxd1+
23.Bxd1 Nd6 24.f4 Nxc4 25.Qc3 Rd5 26.Qxc4 Rxd1+ 27.Kh2 Bf7 28.Qe4 g5 29.Qf3 Rd7
30.Bc1 h6 31.Qc3 Qd8 32.Be3 Bd5 33.Qc5 b6 34.Qxb6+ Qxb6 35.Bxb6 gxf4 36.Rf2 f3
37.gxf3 Bb3 38.Bxa5 Bxa4 39.Bc3 f5 40.Bd2 h5 41.Kg3 Rd4 42.Bg5 Kc7 43.h4 c5
44.Rd2 Kd6 45.Rxd4+ cxd4 46.Kf2 Ke5 47.f4+  1/2-1/2

[Event "IBM"]
[Site "Amsterdam"]
[Date "1977.??.??"]
[Round "13"]
[White "Torre, Eugenio"]
[Black "Van Wijgerden, Cornelis"]
[Result "1-0"]
[WhiteElo "2550"]
[BlackElo "2430"]

1.e4 g6 2.d4 Bg7 3.Nf3 d6 4.Be2 Nf6 5.Nc3 O-O 6.O-O c6 7.Re1 Qc7 8.e5 dxe5
9.Nxe5 Nbd7 10.Bf4 Nxe5 11.Bxe5 Qb6 12.Na4 Qd8 13.Bf3 Nd7 14.Bxg7 Kxg7 15.c4 e6
16.Nc3 Nf6 17.Qd2 Bd7 18.Rad1 Rc8 19.Re5 b6 20.h4 h5 21.g3 Qe7 22.Ne2 Rh8
23.Nf4 Qd6 24.Qc3 Rce8 25.Rg5 Rh6 26.d5 cxd5 27.Nxd5 exd5 28.Rgxd5 Qc6 29.Rxd7 Re1+
30.Kg2  1-0

[Event "IBM"]
[Site "Amsterdam"]
[Date "1977.??.??"]
[Round "13"]
[White "Liberzon, Vladimir M"]
[Black "Hulak, Krunoslav"]
[Result "1/2-1/2"]
[WhiteElo "2550"]
[BlackElo "2525"]

1.e4 c5 2.Nf3 d6 3.Nc3 a6 4.d4 cxd4 5.Nxd4 Nf6 6.Be2 e5 7.Nb3 Be7 8.O-O Be6
9.f4 Qc7 10.a4 Nbd7 11.Kh1 O-O 12.Be3 exf4 13.Rxf4 Rac8 14.a5 Rfe8 15.Nd4 Bf8
16.Qd2 g6 17.Rh4 Qd8 18.Bg5 Be7 19.Nf3 Ne5 20.Rf1 Rc5 21.Be3 Rxa5 22.Nd4 Nc4
23.Bxc4 Bxc4 24.Rd1 Nd5 25.Rh3 Nxe3 26.Qxe3 Bf8 27.b3 Be6 28.Nxe6 fxe6 29.Na4 Re5
30.Qd3 b5 31.Nb2 Qc7 32.Re3 Rc5 33.c4 Bg7 34.Re2 Rf8 35.h3 Be5 36.Qe3 Bxb2
37.Rxb2 bxc4 38.bxc4 Rxc4 39.Rbd2 Rd8 40.Re2 Rc3 41.Qg5 Rf8 42.Qg4 Rf6 43.Qg5 Kg7
44.Ree1 h6 45.Qd2 e5 46.Rf1 Rc2 47.Qd3 Rxf1+ 48.Rxf1 a5 49.Kh2 Rc5 50.Qa6 h5
51.Rb1 Qe7 52.Rd1 Rc2 53.Rxd6 Qg5 54.Qf1 Qf4+ 55.Qxf4 exf4 56.Kg1 a4 57.Ra6 Ra2
58.h4 a3 59.e5 Kf7 60.Rf6+ Ke7 61.Rxf4 Ke6  1/2-1/2

[Event "IBM"]
[Site "Amsterdam"]
[Date "1977.??.??"]
[Round "14"]
[White "Sosonko, Gennadi"]
[Black "Ree, Hans"]
[Result "1/2-1/2"]
[WhiteElo "2530"]
[BlackElo "2460"]

1.d4 e6 2.c4 Nf6 3.g3 Bb4+ 4.Bd2 Qe7 5.Bg2 O-O 6.Nf3 Bxd2+ 7.Qxd2 Ne4 8.Qc2 f5
9.O-O d6 10.Nc3 Nxc3 11.Qxc3  1/2-1/2

[Event "IBM"]
[Site "Amsterdam"]
[Date "1977.??.??"]
[Round "14"]
[White "Kavalek, Lubomir"]
[Black "Timman, Jan H"]
[Result "1/2-1/2"]
[WhiteElo "2545"]
[BlackElo "2590"]

1.e4 e5 2.Nf3 Nc6 3.Bb5 a6 4.Ba4 Nf6 5.O-O Be7 6.Re1 b5 7.Bb3 d6 8.c3 O-O
9.h3 Nb8 10.d4 Nbd7 11.Nbd2 Bb7 12.Bc2 Re8 13.Nf1 Bf8 14.Ng3 g6 15.a4 c5
16.d5 c4 17.Be3 Nc5 18.Nd2  1/2-1/2

[Event "IBM"]
[Site "Amsterdam"]
[Date "1977.??.??"]
[Round "14"]
[White "Hulak, Krunoslav"]
[Black "Bohm, Hans"]
[Result "0-1"]
[WhiteElo "2525"]
[BlackElo "2445"]

1.e4 d5 2.exd5 Qxd5 3.Nc3 Qa5 4.Nf3 Nf6 5.d4 Bg4 6.Bb5+ c6 7.Be2 Nbd7 8.O-O e6
9.Bf4 Be7 10.h3 Bh5 11.Qd2 O-O 12.a3 Rfe8 13.Rfe1 Bf8 14.Ne5 Bxe2 15.Qxe2 Nxe5
16.Bxe5 Be7 17.Rad1 Nd7 18.Bg3 Qf5 19.Rd3 Rad8 20.Red1 Nf8 21.Ne4 Ng6 22.Qe3 h6
23.c4 Bg5 24.Qe1 Bf4 25.b4 b5 26.c5 Bxg3 27.Rxg3 Qd5 28.Qe2 Re7 29.h4 Kh8
30.Qg4 Qf5 31.Nd6 Qxg4 32.Rxg4 Kg8 33.Re4 Red7 34.a4 bxa4 35.Ra1 Ne7 36.Ree1 Nf5
37.Nxf5 exf5 38.Rxa4 Rxd4 39.g3 a5 40.Rxa5 Rxb4 41.Ra7 Rc4 42.Ree7 Rf8 43.Re5 f4
44.Rc7 fxg3 45.fxg3 Ra8 46.Rxc6 Rc2 47.Kf1 Ra1+ 48.Re1 Raa2 49.Re3 Ra1+ 50.Re1 Ra3
51.Re2 Rxe2 52.Kxe2 Rxg3 53.Rc8+ Kh7 54.c6 Rc3 55.c7 Kg6 56.Kd2 Rc6 57.Kd3 Kf6
58.Kd4 Ke7 59.Kd5 Rc1 60.Rg8 Rxc7 61.Rxg7 Ra7 62.Rg1 Ra5+ 63.Ke4 Ra4+ 64.Kf5 Rxh4
65.Re1+ Kf8 66.Rg1 Rh2 67.Rf1 Rg2 68.Rh1 Kg7 69.Rh3 Rf2+ 70.Kg4 Kg6 71.Ra3 h5+
72.Kg3 Rf5 73.Ra6+ f6 74.Ra8 Rg5+ 75.Kh3 Rg4 76.Rg8+ Kf5 77.Rh8 Kg5 78.Rg8+ Kf4
79.Ra8 Rg1 80.Ra4+ Kg5 81.Ra8 Re1 82.Kg3 Re3+ 83.Kf2 Re4 84.Rg8+ Kh4 85.Rf8 Rf4+
86.Kg2 Rg4+ 87.Kf2 Rg6 88.Ra8 Rg5 89.Ra4+ Rg4 90.Ra5 Rf4+ 91.Ke3 Rf1 92.Ke2 Rc1
93.Kf3 Re1 94.Ra4+ Kg5 95.Ra8 Rf1+ 96.Kg2 Rf5 97.Kh3 Rf3+ 98.Kg2 Kg4 99.Rg8+ Kf4
100.Rh8 Rg3+ 101.Kf2 Rg5 102.Rh6 Rf5 103.Kg2 Kg4 104.Rg6+ Kh4 105.Rh6 Kg5
106.Rh8 Kg4 107.Rg8+ Rg5 108.Rf8 f5 109.Rb8 h4 110.Rb1 Rg6 111.Rb8 h3+ 112.Kh2 f4
113.Rh8 f3 114.Rxh3 Kf4 115.Rh4+ Rg4 116.Rh8 f2 117.Rf8+ Ke3 118.Re8+ Kf3
119.Rf8+ Ke2 120.Re8+ Kf1 121.Ra8 Rg2+  0-1

[Event "IBM"]
[Site "Amsterdam"]
[Date "1977.??.??"]
[Round "14"]
[White "Donner, Jan Hein"]
[Black "Torre, Eugenio"]
[Result "1/2-1/2"]
[WhiteElo "2470"]
[BlackElo "2550"]

1.d4 Nf6 2.c4 g6 3.g3 Bg7 4.Bg2 O-O 5.Nf3 d6 6.O-O c6 7.Nc3 Bf5 8.b3 Ne4
9.Bb2 Nxc3 10.Bxc3 Be4 11.Qd2 Nd7 12.Qe3 d5 13.Bh3 Bxf3 14.Qxf3 e6 15.Rfd1  1/2-1/2

[Event "IBM"]
[Site "Amsterdam"]
[Date "1977.??.??"]
[Round "15"]
[White "Tatai, Stefano"]
[Black "Sosonko, Gennadi"]
[Result "1/2-1/2"]
[WhiteElo "2480"]
[BlackElo "2530"]

1.e4 c6 2.d4 d5 3.Nc3 dxe4 4.Nxe4 Nd7 5.Nf3 Ngf6 6.Nxf6+ Nxf6 7.Bc4 Bf5 8.O-O e6
9.Bf4 Bd6 10.Bxd6 Qxd6 11.c3 O-O 12.Re1 c5  1/2-1/2

[Event "IBM"]
[Site "Amsterdam"]
[Date "1977.??.??"]
[Round "15"]
[White "Timman, Jan H"]
[Black "Hulak, Krunoslav"]
[Result "1/2-1/2"]
[WhiteElo "2590"]
[BlackElo "2525"]

1.e4 c5 2.Nf3 d6 3.d4 cxd4 4.Nxd4 Nf6 5.Nc3 a6 6.Bg5 e6 7.f4 Qb6 8.Nb3 Be7
9.Qf3 Nbd7 10.O-O-O Qc7 11.Be2 h6 12.Bh4 g5 13.fxg5 Ne5 14.Qf2 Nfg4 15.Bxg4 Nxg4
16.Qf4 Ne5 17.gxh6 Ng6 18.Bxe7 Nxf4 19.Bxd6 Qb6 20.Bxf4 Bd7 21.g4 Bc6 22.g5 O-O
23.h4 Rad8 24.Rdg1 Kh7 25.Rg2 Rg8 26.Rf1 f6 27.Rg3 fxg5 28.Be3 Qc7 29.Rgf3 Be8
30.Bxg5 Rd7 31.Bf4 Qc4 32.Be3 Bh5 33.Rf4 Rg3 34.e5 Qxf1+ 35.Rxf1 Rxe3 36.Nc5 Rf7
37.Rxf7+ Bxf7 38.Nxb7 Rxe5  1/2-1/2

[Event "IBM"]
[Site "Amsterdam"]
[Date "1977.??.??"]
[Round "15"]
[White "Bohm, Hans"]
[Black "Panno, Oscar"]
[Result "0-1"]
[WhiteElo "2445"]
[BlackElo "2550"]

1.e4 c5 2.Nf3 e6 3.d4 cxd4 4.Nxd4 a6 5.Nc3 Qc7 6.g3 Bb4 7.Ne2 Nf6 8.Bg2 Be7
9.O-O O-O 10.a4 Nc6 11.b3 Rb8 12.h3 Rd8 13.Bf4 d6 14.g4 h6 15.Qd2 b6 16.Rad1 b5
17.Qe3 Ne5 18.Rd2 Bd7 19.axb5 axb5 20.Rc1 Rdc8 21.Bg3 b4 22.Nd1 Be8 23.Nb2 Bf8
24.f4 Ned7 25.Nd3 Nc5 26.Nxc5 Qxc5 27.Qxc5 Rxc5 28.Ra1 Rc7 29.g5 Nh5 30.Bh2 hxg5
31.fxg5 e5 32.Kf1 f6 33.gxf6 gxf6 34.Ra2 Rbc8 35.Bf3 Bh6 36.Rxd6 Bf8 37.Rd2 Bh6
38.Rd3 Rxc2 39.Rxc2 Rxc2 40.Rd8 Ng7 41.Bh5 Nxh5 42.Rxe8+ Kf7 43.Rh8 Kg6 44.Rg8+ Ng7
45.Rb8 Bd2 46.Rb6 Kf7 47.Rb7+ Kg8 48.Rb8+ Kh7 49.Rb6 Nh5 50.Ng3 Be3 51.Rb7+ Kg6
52.Nxh5 Rf2+ 53.Ke1 Rxh2 54.Ng7 Bd2+ 55.Kd1 Bc3 56.Nf5 Kg5 57.Rc7 Kf4 58.Rc4 Rxh3
59.Kc1 Rh1+ 60.Kc2 Rh2+ 61.Kc1 Re2 62.Rc6 Rb2 63.Rxf6 Kxe4 64.Nd6+ Kd5 65.Nb7 Rxb3
66.Rd6+ Kc4  0-1